[Event "DC International 2014"]
[Site "Arlington, VA"]
[Date "2014.06.29"]
[Round "8"]
[White "Dommalapati, Abhinay"]
[Black "Nieto, Manuel"]
[Result "1/2-1/2"]
[WhiteElo "1811"]
[BlackElo "2057"]
[PlyCount "52"]
[EventDate "2014.06.??"]
[EventType "swiss"]
[EventRounds "9"]
[EventCountry "USA"]

1. d4 Nf6 2. c4 e6 3. Nf3 Bb4+ 4. Bd2 Qe7 5. g3 Nc6 6. Bg2 Bxd2+ 7. Qxd2 Ne4 8.
Qc2 Qb4+ 9. Nc3 f5 10. Qb3 O-O 11. O-O Qxb3 12. axb3 Nxc3 13. bxc3 d6 14. Nd2
Re8 15. f4 Bd7 16. e4 a6 17. e5 dxe5 18. fxe5 Nd8 19. Rfe1 c6 20. c5 Nf7 21.
Nc4 Rab8 22. Nd6 Re7 23. c4 g6 24. Re2 Kg7 25. Re3 Kg8 26. Rae1 Nd8 1/2-1/2

[Event "DC International 2014"]
[Site "Arlington, VA"]
[Date "2014.06.29"]
[Round "8"]
[White "Heidari, Ako"]
[Black "Lastra, Ricardo"]
[Result "0-1"]
[WhiteElo "1854"]
[BlackElo "2060"]
[PlyCount "124"]
[EventDate "2014.06.??"]
[EventType "swiss"]
[EventRounds "9"]
[EventCountry "USA"]

1. e4 d6 2. d4 Nf6 3. Nc3 e5 4. dxe5 dxe5 5. Qxd8+ Kxd8 6. Nf3 Bd6 7. Bc4 Ke7
8. Bg5 c6 9. O-O-O Nbd7 10. Rhe1 Bc7 11. h3 b5 12. Bxb5 cxb5 13. Nd5+ Kd6 14.
Nxf6+ Kc6 15. Nd5 f6 16. Be3 Re8 17. Rd3 Bd6 18. Red1 Re6 19. Ng1 a5 20. f3 Ba6
21. Ne7+ Bxe7 22. Rxd7 Bc8 23. R7d5 b4 24. Ne2 Rd6 25. c4 Be6 26. Rxd6+ Bxd6
27. b3 g6 28. g4 h5 29. gxh5 gxh5 30. h4 f5 31. exf5 Bxf5 32. Ng3 Bg6 33. Ne4
Bxe4 34. fxe4 a4 35. Kb2 a3+ 36. Kc2 Rf8 37. Kd2 Rf3 38. Rh1 Rg3 39. Ke2 Rg2+
40. Bf2 Bc5 41. Rf1 Rh2 42. Kf3 Bxf2 43. Rxf2 Rxh4 44. Rg2 Rh3+ 45. Ke2 Kc5 46.
Kd2 Kd4 47. Re2 Rh1 48. Kc2 Ra1 49. Rd2+ Kxe4 50. Re2+ Kd4 51. Rd2+ Ke3 52.
Rd3+ Ke4 53. Rh3 Rxa2+ 54. Kb1 Rb2+ 55. Ka1 Kd4 56. Rxh5 Rxb3 57. c5 Rc3 58. c6
Rxc6 59. Rh4+ e4 60. Rh8 b3 61. Rd8+ Ke3 62. Rd1 Rc1+ 0-1

[Event "DC International 2014"]
[Site "Arlington, VA"]
[Date "2014.06.29"]
[Round "8"]
[White "Senft, Sean"]
[Black "Sheng, Joshua"]
[Result "0-1"]
[WhiteElo "1912"]
[BlackElo "2050"]
[PlyCount "76"]
[EventDate "2014.06.??"]
[EventType "swiss"]
[EventRounds "9"]
[EventCountry "USA"]

1. d4 Nf6 2. c4 g6 3. Nc3 Bg7 4. e4 d6 5. f4 O-O 6. Nf3 c5 7. d5 e6 8. Bd3 exd5
9. cxd5 Bg4 10. O-O Nbd7 11. h3 Bxf3 12. Qxf3 a6 13. a4 Rc8 14. Be3 Re8 15.
Rae1 Qa5 16. Re2 c4 17. Bb1 Nc5 18. Bxc5 Qxc5+ 19. Kh1 Nd7 20. Nd1 b5 21. axb5
axb5 22. Ne3 Qc7 23. Ng4 Ra8 24. Ref2 Ra1 25. f5 Ne5 26. Nxe5 Bxe5 27. f6 Rea8
28. Qe3 Qd8 29. Qh6 Qf8 30. Qe3 h6 31. Qd2 Kh7 32. Qb4 Qb8 33. Bc2 Qb6 34. Rf3
R8a2 35. Qd2 b4 36. g3 b3 37. Bd1 Rxb2 38. Qe1 Raa2 0-1

[Event "DC International 2014"]
[Site "Arlington, VA"]
[Date "2014.06.29"]
[Round "8"]
[White "Gorti, Akshita"]
[Black "Helfst, Matt"]
[Result "1-0"]
[WhiteElo "1963"]
[BlackElo "1951"]
[PlyCount "67"]
[EventDate "2014.06.??"]
[EventType "swiss"]
[EventRounds "9"]
[EventCountry "USA"]

1. d4 e6 2. c4 d5 3. Nc3 Be7 4. cxd5 exd5 5. Bf4 Nf6 6. e3 O-O 7. Bd3 Re8 8.
Nge2 b6 9. O-O Bb7 10. Nb5 Na6 11. a3 c6 12. Nbc3 Nc7 13. Qc2 h6 14. h3 Bd6 15.
Bxd6 Qxd6 16. Rfd1 Ne6 17. Ng3 Ng5 18. Kh1 Bc8 19. Rac1 Bd7 20. e4 dxe4 21.
Ncxe4 Qf4 22. Ne2 Qh4 23. Nxf6+ gxf6 24. Ng1 Bxh3 25. gxh3 Nxh3 26. Kg2 Qg4+
27. Kh2 Nf4 28. Bf1 Qh5+ 29. Nh3 Re2 30. Qxc6 Rae8 31. Rd2 R8e3 32. Qc8+ Kg7
33. Rxe2 Rxe2 34. Bxe2 1-0

[Event "DC International 2014"]
[Site "Arlington, VA"]
[Date "2014.06.30"]
[Round "9.1"]
[White "Azarov, Sergei"]
[Black "Barbosa, Oliver"]
[Result "1/2-1/2"]
[WhiteElo "2610"]
[BlackElo "2592"]
[PlyCount "23"]
[EventDate "2014.06.??"]
[EventType "swiss"]
[EventRounds "9"]
[EventCountry "USA"]
[WhiteClock "1:53:37"]
[BlackClock "1:43:07"]

1. e4 c6 2. d4 d5 3. Nc3 dxe4 4. Nxe4 Nd7 5. Nf3 Ngf6 6. Nxf6+ Nxf6 7. c3 Bg4
8. h3 Bxf3 9. Qxf3 Qd5 10. Be2 Qxf3 11. Bxf3 e6 12. Ke2 1/2-1/2

[Event "DC International 2014"]
[Site "Arlington, VA"]
[Date "2014.06.30"]
[Round "9.2"]
[White "Suarez, Isan"]
[Black "Perez, Yuniesky"]
[Result "1-0"]
[WhiteElo "2588"]
[BlackElo "2642"]
[PlyCount "71"]
[EventDate "2014.06.??"]
[EventType "swiss"]
[EventRounds "9"]
[EventCountry "USA"]
[WhiteClock "0:48:56"]
[BlackClock "0:00:45"]

1. e4 c5 2. Nf3 d6 3. d4 cxd4 4. Nxd4 Nf6 5. Nc3 a6 6. Bg5 Nbd7 7. f4 Qc7 8.
Qf3 b5 9. O-O-O Bb7 10. Bd3 g6 11. Nd5 Nxd5 12. exd5 Nb6 13. Rhe1 Bxd5 14. Nxb5
axb5 15. Bxb5+ Kd8 16. Rxd5 Nxd5 17. Qxd5 Rb8 18. a4 h6 19. Bf6 Rh7 20. a5 Qc5
21. Qxc5 dxc5 22. Rd1+ Kc8 23. Ba6+ Rb7 24. Bxb7+ Kxb7 25. Bxe7 Bxe7 26. Rd7+
Ka6 27. Rxe7 Kxa5 28. Kd2 Kb5 29. Kc3 Rg7 30. Kd3 g5 31. f5 g4 32. f6 Rg5 33.
Rxf7 Rf5 34. Rf8 Kc6 35. f7 Kd7 36. Ra8 1-0

[Event "DC International 2014"]
[Site "Arlington, VA"]
[Date "2014.06.30"]
[Round "9.3"]
[White "Vidal, Yuri"]
[Black "Boros, Denes"]
[Result "1-0"]
[WhiteElo "2557"]
[BlackElo "2474"]
[PlyCount "57"]
[EventDate "2014.06.??"]
[EventType "swiss"]
[EventRounds "9"]
[EventCountry "USA"]
[WhiteClock "0:15:27"]
[BlackClock "0:36:14"]

1. e4 c5 2. Nf3 e6 3. d4 cxd4 4. Nxd4 a6 5. Bd3 Nf6 6. O-O d6 7. c4 b6 8. Nc3
Bb7 9. Qe2 g6 10. Rd1 Nbd7 11. Bc2 Rc8 12. Ba4 Bg7 13. Nf3 Qc7 14. Qd3 Qxc4 15.
Qxd6 b5 16. Bb3 Qc5 17. Qf4 Qe7 18. a3 h6 19. Bc2 O-O 20. Qh4 g5 21. Nxg5 hxg5
22. Bxg5 Ne5 23. Qg3 Rc5 24. f4 Nc4 25. e5 Rxe5 26. fxe5 Qc5+ 27. Kh1 Qxe5 28.
Qh4 Ne3 29. Bxf6 1-0

[Event "DC International 2014"]
[Site "Arlington, VA"]
[Date "2014.06.30"]
[Round "9.4"]
[White "Kannappan, Priyadharshan"]
[Black "Kore, Akshayraj"]
[Result "1-0"]
[WhiteElo "2443"]
[BlackElo "2482"]
[PlyCount "75"]
[EventDate "2014.06.??"]
[EventType "swiss"]
[EventRounds "9"]
[EventCountry "USA"]
[WhiteClock "0:07:37"]
[BlackClock "0:10:55"]

1. e4 e5 2. Nf3 Nc6 3. Nc3 Nf6 4. Bb5 Bb4 5. O-O O-O 6. d3 d6 7. Ne2 h6 8. c3
Ba5 9. Ng3 a6 10. Ba4 b5 11. Bc2 Re8 12. h3 Bb6 13. Be3 Rb8 14. Bxb6 Rxb6 15.
d4 Bd7 16. Qd2 Na5 17. b3 Nc6 18. Rad1 a5 19. a3 Qc8 20. Kh2 Nb8 21. Nh4 b4 22.
cxb4 axb4 23. a4 exd4 24. Qxd4 c5 25. Qd2 Qc7 26. f4 Bc8 27. Nf3 Bb7 28. Rfe1
Nbd7 29. Bb1 Nf8 30. Rc1 Ba8 31. Nd4 Rbb8 32. Nb5 Qe7 33. Nf5 Qe6 34. Nc7 Qxb3
35. Nxe8 Rxe8 36. Nxd6 Re7 37. Rxc5 Nh5 38. Rxh5 1-0

[Event "DC International 2014"]
[Site "Arlington, VA"]
[Date "2014.06.30"]
[Round "9"]
[White "Panchevski, Filip"]
[Black "Vibbert, Sean"]
[Result "1-0"]
[WhiteElo "2476"]
[BlackElo "2316"]
[PlyCount "87"]
[EventDate "2014.06.??"]
[EventType "swiss"]
[EventRounds "9"]
[EventCountry "USA"]

1. e4 c5 2. Nf3 Nc6 3. d3 g6 4. g3 Bg7 5. c3 e5 6. Bg2 Nge7 7. Be3 b6 8. h4 d5
9. exd5 Qxd5 10. O-O Bg4 11. c4 Qd7 12. Nc3 O-O 13. Qa4 Rad8 14. a3 Qc8 15. Qc2
h6 16. b4 cxb4 17. axb4 Nxb4 18. Qb1 Nec6 19. Nd5 Nxd5 20. cxd5 Na5 21. Nd2 Bh3
22. Rc1 Qd7 23. Bh1 Rc8 24. Kh2 Bf5 25. Ra3 Rxc1 26. Qxc1 Rc8 27. Rc3 Rxc3 28.
Qxc3 e4 29. Bd4 Bxd4 30. Qxd4 exd3 31. g4 Bxg4 32. Ne4 Qf5 33. Nf6+ Kf8 34.
Qb4+ Kg7 35. Nxg4 d2 36. Qd4+ f6 37. Kg3 Nb3 38. Qb4 Qd3+ 39. Kh2 Nc5 40. Qf4
d1=Q 41. Qc7+ Kf8 42. Qd8+ Kg7 43. Qe7+ Kh8 44. Qf8+ 1-0

[Event "DC International 2014"]
[Site "Arlington, VA"]
[Date "2014.06.30"]
[Round "9"]
[White "Batista, Lazaro"]
[Black "Gulamali, Kazim"]
[Result "1-0"]
[WhiteElo "2694"]
[BlackElo "2300"]
[PlyCount "50"]
[EventDate "2014.06.??"]
[EventType "swiss"]
[EventRounds "9"]
[EventCountry "USA"]

1. e4 c5 2. Nf3 e6 3. d4 cxd4 4. Nxd4 Nf6 5. Nc3 d6 6. g4 h6 7. h3 a6 8. Bg2
Qc7 9. Qe2 Nc6 10. Be3 g5 11. Nxc6 bxc6 12. e5 dxe5 13. Qc4 Bb7 14. O-O-O Rc8
15. h4 Rg8 16. hxg5 hxg5 17. Ne4 Nxe4 18. Qxe4 Be7 19. Qh7 Kf8 20. Qe4 Rb8 21.
Ba7 Rc8 22. Rh7 Ba8 23. Qf3 Rg7 24. Qh3 Rxh7 25. Qxh7 Bb4 1-0

[Event "DC International 2014"]
[Site "Arlington, VA"]
[Date "2014.06.30"]
[Round "9"]
[White "Shetty, Atulya"]
[Black "Paragua, Mark"]
[Result "1-0"]
[WhiteElo "2302"]
[BlackElo "2510"]
[PlyCount "69"]
[EventDate "2014.06.??"]
[EventType "swiss"]
[EventRounds "9"]
[EventCountry "USA"]

1. c4 g6 2. g3 Bg7 3. Bg2 c5 4. Nc3 Nc6 5. e3 Nh6 6. Nge2 Nf5 7. b3 a6 8. Bb2
d6 9. d3 Bd7 10. Qd2 Rb8 11. Nd5 Bxb2 12. Qxb2 O-O 13. O-O b5 14. Rfd1 bxc4 15.
dxc4 a5 16. Nec3 Nb4 17. Nxb4 axb4 18. Nd5 Be6 19. Nf4 Bd7 20. h4 h5 21. a3 e5
22. Nd5 bxa3 23. Rxa3 Be6 24. Ra6 Kh7 25. Qa2 Kg7 26. Nc3 Rb6 27. Nb5 Bc8 28.
Ra8 Ne7 29. Qa7 d5 30. Qa3 Rc6 31. cxd5 Qd7 32. Nc3 Rb6 33. Qxc5 Ra6 34. Rxa6
Bxa6 35. d6 1-0

[Event "DC International 2014"]
[Site "Arlington, VA"]
[Date "2014.06.30"]
[Round "9"]
[White "Aripov, Iskandar"]
[Black "Vigorito, David"]
[Result "1/2-1/2"]
[WhiteElo "2213"]
[BlackElo "2409"]
[PlyCount "52"]
[EventDate "2014.06.??"]
[EventType "swiss"]
[EventRounds "9"]
[EventCountry "USA"]

1. Nf3 d6 2. e4 c5 3. Bb5+ Bd7 4. Bxd7+ Qxd7 5. O-O Nf6 6. Qe2 Nc6 7. c3 e6 8.
d4 cxd4 9. cxd4 d5 10. e5 Ne4 11. Be3 Be7 12. Ne1 f6 13. f3 Ng5 14. exf6 Bxf6
15. Nc2 Nf7 16. Bf2 O-O 17. Nd2 Nd6 18. Nb3 b6 19. Rfd1 Rfe8 20. Ne3 a5 21. Ng4
Qf7 22. Nc1 Rac8 23. Ne5 Qc7 24. Ncd3 Nf5 25. Rac1 Bxe5 26. dxe5 Nfe7 1/2-1/2

[Event "DC International 2014"]
[Site "Arlington, VA"]
[Date "2014.06.30"]
[Round "9"]
[White "Cheng, Bindi"]
[Black "Gautam, Yogesh"]
[Result "1-0"]
[WhiteElo "2410"]
[BlackElo "2101"]
[PlyCount "79"]
[EventDate "2014.06.??"]
[EventType "swiss"]
[EventRounds "9"]
[EventCountry "USA"]

1. Nf3 d5 2. g3 e6 3. Bg2 Nf6 4. O-O Be7 5. c4 O-O 6. d4 dxc4 7. Qc2 a6 8. a4
a5 9. Qxc4 Na6 10. Nc3 Nb4 11. Bf4 c6 12. Ne5 Nfd5 13. Rfd1 f6 14. Nf3 g5 15.
Bc1 b6 16. Qb3 Kh8 17. Nd2 Rb8 18. Nc4 b5 19. Na3 Ba6 20. axb5 cxb5 21. Nxd5
exd5 22. Bd2 Bb7 23. Bxb4 Bxb4 24. Nc2 Qd6 25. Nxb4 axb4 26. Ra5 Bc6 27. Ra6
Ra8 28. Rxc6 Qxc6 29. Bxd5 Qd6 30. Bxa8 Rxa8 31. d5 Re8 32. Qd3 Rc8 33. Qxb5
Rc2 34. Ra1 Rxb2 35. Qe8+ Kg7 36. Ra7+ Kh6 37. Qf7 Rb1+ 38. Kg2 Qxg3+ 39. hxg3
Rg1+ 40. Kxg1 1-0

[Event "DC International 2014"]
[Site "Arlington, VA"]
[Date "2014.06.30"]
[Round "9"]
[White "Kaufman, Lawrence"]
[Black "Leon, Isaac"]
[Result "1/2-1/2"]
[WhiteElo "2329"]
[BlackElo "2127"]
[PlyCount "75"]
[EventDate "2014.06.??"]
[EventType "swiss"]
[EventRounds "9"]
[EventCountry "USA"]

1. d4 Nf6 2. c4 g6 3. f3 d5 4. cxd5 Nxd5 5. e4 Nb6 6. Nc3 Bg7 7. Be3 O-O 8. Qd2
Nc6 9. O-O-O Qd6 10. Kb1 Rd8 11. Nb5 Qd7 12. d5 a6 13. Nc3 Na5 14. Bd4 e5 15.
Bf2 Nbc4 16. Qc1 b5 17. Bxc4 Nxc4 18. h4 a5 19. h5 b4 20. Nce2 Ba6 21. hxg6
hxg6 22. Qg5 Qb5 23. Ka1 c6 24. f4 Nxb2 25. Kxb2 Qa4 26. Rd2 exf4+ 27. Bd4 Qa3+
28. Ka1 Bxd4+ 29. Rxd4 b3 30. Rd2 Rab8 31. Qf6 b2+ 32. Rxb2 Qxb2+ 33. Qxb2 Rxb2
34. Kxb2 cxd5 35. e5 Re8 36. Nxf4 Rxe5 37. Nf3 Re4 38. Nxd5 1/2-1/2

[Event "DC International 2014"]
[Site "Arlington, VA"]
[Date "2014.06.30"]
[Round "9"]
[White "Wang, Qibiao"]
[Black "Li, Ruifeng"]
[Result "0-1"]
[WhiteElo "2164"]
[BlackElo "2305"]
[PlyCount "212"]
[EventDate "2014.06.??"]
[EventType "swiss"]
[EventRounds "9"]
[EventCountry "USA"]

1. e4 c5 2. Nf3 d6 3. d4 cxd4 4. Nxd4 Nf6 5. Nc3 a6 6. Be3 e5 7. Nf3 Qc7 8. a4
Be6 9. a5 Qc6 10. Ng5 d5 11. exd5 Bxd5 12. Nxd5 Nxd5 13. Bd2 h6 14. Ne4 Nb4 15.
Bd3 Nxd3+ 16. cxd3 Qd7 17. O-O Be7 18. Re1 Nc6 19. Re3 O-O 20. Qh5 f5 21. Rg3
f4 22. Rh3 Qf5 23. Qd1 Qe6 24. Bc3 Rad8 25. g4 f3 26. Rxf3 Qxg4+ 27. Rg3 Qxd1+
28. Rxd1 Rf4 29. Rc1 Kh7 30. Kf1 Rd5 31. Ke2 Bd8 32. Rcg1 g5 33. Bd2 Nd4+ 34.
Kf1 Rf3 35. b4 Be7 36. Kg2 Rxg3+ 37. hxg3 Nc6 38. Rb1 Kg6 39. Nc5 Kf5 40. Nxb7
Rb5 41. Rc1 Nxb4 42. Rc7 Ke6 43. Bxb4 Bxb4 44. Nd8+ Kf6 45. Rf7+ Kg6 46. Ra7
Rxa5 47. Nc6 Bc5 48. Rc7 Rb5 49. Nxe5+ Kf5 50. Nc4 a5 51. d4 Bb4 52. Kf3 g4+
53. Ke3 h5 54. Kd3 Kf6 55. Ke4 Be1 56. Ne5 a4 57. Rf7+ Ke6 58. Ra7 Ra5 59. d5+
Rxd5 60. Ra6+ Rd6 61. Rxa4 Bxf2 62. Nxg4 hxg4 63. Kf4 Rd3 64. Kxg4 Rxg3+ 65.
Kf4 Rg8 66. Kf3 Bc5 67. Rg4 Ra8 68. Ke4 Be7 69. Rg6+ Bf6 70. Rg4 Ra1 71. Rf4
Be5 72. Rg4 Re1+ 73. Kd3 Kd5 74. Ra4 Rd1+ 75. Ke2 Rh1 76. Rg4 Rh3 77. Kf2 Rh8
78. Ke2 Rf8 79. Ra4 Bd4 80. Ra6 Ke4 81. Re6+ Be5 82. Rc6 Ra8 83. Rc2 Rh8 84.
Rd2 Rh1 85. Rc2 Bd4 86. Rd2 Be3 87. Rd8 Rh2+ 88. Kd1 Bd4 89. Ke1 Kd3 90. Kf1
Rf2+ 91. Ke1 Rg2 92. Rf8 Rg7 93. Rf3+ Be3 94. Rf8 Ra7 95. Kf1 Ra2 96. Rf7 Ke4
97. Ke1 Rg2 98. Kf1 Rg8 99. Ke2 Rg2+ 100. Kf1 Rh2 101. Rf8 Bf4 102. Ke1 Kf3
103. Kd1 Rd2+ 104. Ke1 Rd7 105. Rf5 Re7+ 106. Kd1 Rc7 0-1

[Event "DC International 2014"]
[Site "Arlington, VA"]
[Date "2014.06.30"]
[Round "9"]
[White "Filipovich, David"]
[Black "Wheeler, Cameron"]
[Result "0-1"]
[WhiteElo "2076"]
[BlackElo "2242"]
[PlyCount "84"]
[EventDate "2014.06.??"]
[EventType "swiss"]
[EventRounds "9"]
[EventCountry "USA"]

1. Nf3 c5 2. g3 Nc6 3. Bg2 g6 4. c4 Bg7 5. Nc3 d6 6. O-O e5 7. a3 Nge7 8. Rb1
a5 9. Ne1 Be6 10. d3 O-O 11. Nc2 d5 12. cxd5 Nxd5 13. Bd2 Nd4 14. b4 cxb4 15.
axb4 Nxc2 16. Bxd5 Bxd5 17. Qxc2 axb4 18. Rxb4 Bc6 19. Rfb1 Qd7 20. Ne4 Rfc8
21. Qb2 Qd5 22. Qb3 Qxb3 23. R4xb3 Ra2 24. Be3 Bf8 25. Nc3 Ra6 26. f3 f5 27. d4
exd4 28. Bxd4 Kf7 29. Kf2 Rd8 30. Be3 Bg7 31. Nb5 Rd7 32. Bc5 Bf8 33. Be3 Ra2
34. Nc3 Ra8 35. Nb5 Re8 36. Nd4 Bd5 37. Rb5 Bg7 38. R5b4 Rde7 39. Nc2 Bh6 40.
Bxh6 Rxe2+ 41. Kf1 Rxc2 42. R1b2 Bc4+ 0-1

[Event "DC International 2014"]
[Site "Arlington, VA"]
[Date "2014.06.30"]
[Round "9"]
[White "Ghatti, Sanjay"]
[Black "Sapozhnikov, Roman"]
[Result "0-1"]
[WhiteElo "2038"]
[BlackElo "2298"]
[PlyCount "86"]
[EventDate "2014.06.??"]
[EventType "swiss"]
[EventRounds "9"]
[EventCountry "USA"]

1. e4 c5 2. Nf3 d6 3. d4 cxd4 4. Nxd4 Nf6 5. Nc3 a6 6. Be2 e6 7. Be3 Be7 8. O-O
O-O 9. f4 Qc7 10. Bf3 Nc6 11. Qe2 Nxd4 12. Bxd4 e5 13. fxe5 dxe5 14. Bf2 Be6
15. Rfd1 Bc5 16. Bxc5 Qxc5+ 17. Qf2 Rac8 18. Rd2 Qb4 19. Nd5 Bxd5 20. c3 Qc5
21. exd5 e4 22. Qxc5 Rxc5 23. Bd1 Rxd5 24. Rxd5 Nxd5 25. Bc2 Nf6 26. Rd1 h5 27.
h3 Re8 28. Kf2 h4 29. Ke3 Nh5 30. Rd7 Re6 31. Rxb7 g5 32. Bb3 Rf6 33. Kxe4 Nf4
34. Kf3 Kg7 35. Kg4 Kg6 36. Bc2+ Kh6 37. Kf3 Nxh3+ 38. Ke3 Nf2 39. Rb4 Kh5 40.
Kd2 g4 41. Rd4 h3 42. gxh3 g3 43. Rd5+ Kh4 0-1

[Event "DC International 2014"]
[Site "Arlington, VA"]
[Date "2014.06.30"]
[Round "9"]
[White "Hughes, John"]
[Black "Banik, Siddharth"]
[Result "1/2-1/2"]
[WhiteElo "2220"]
[BlackElo "2036"]
[PlyCount "80"]
[EventDate "2014.06.??"]
[EventType "swiss"]
[EventRounds "9"]
[EventCountry "USA"]

1. e4 c5 2. Nf3 d6 3. Bc4 Nf6 4. d3 Nc6 5. c3 g6 6. Bb3 Bg7 7. Nbd2 O-O 8. O-O
h6 9. Re1 e5 10. Nf1 d5 11. Ng3 Be6 12. Be3 d4 13. Bxe6 fxe6 14. Bc1 Ne8 15.
Rf1 Nd6 16. c4 a6 17. Ne1 Qh4 18. Ne2 b5 19. b3 Qe7 20. Bd2 Kh7 21. g3 Rf7 22.
Ng2 Raf8 23. Qc1 bxc4 24. bxc4 Rf3 25. Ne1 R3f6 26. Rb1 Nc8 27. Qa3 a5 28. Rb5
Qf7 29. f3 Nb4 30. Bxb4 axb4 31. Qa6 g5 32. g4 Ne7 33. Ng3 Rf4 34. h3 Qg8 35.
Rb7 Nc8 36. Ne2 R4f7 37. Nc1 Ne7 38. Qxe6 Ng6 39. Rxf7 Rxf7 40. Kh2 Qf8 1/2-1/2

[Event "DC International 2014"]
[Site "Arlington, VA"]
[Date "2014.06.30"]
[Round "9"]
[White "Dixon, Dakota"]
[Black "Lopez, Jorge"]
[Result "0-1"]
[WhiteElo "2055"]
[BlackElo "2042"]
[PlyCount "153"]
[EventDate "2014.06.??"]
[EventType "swiss"]
[EventRounds "9"]
[EventCountry "USA"]

1. d4 Nf6 2. c4 e6 3. Nc3 Bb4 4. Qc2 c5 5. dxc5 Qa5 6. Bd2 Qxc5 7. e3 d5 8.
cxd5 Nxd5 9. Rc1 Nc6 10. Nf3 Nxc3 11. Bxc3 Bxc3+ 12. Qxc3 Qxc3+ 13. Rxc3 Bd7
14. Bb5 Ke7 15. Ke2 a6 16. Bxc6 Bxc6 17. Nd4 Bxg2 18. Rg1 Bd5 19. Rxg7 Kf6 20.
Rg3 Rac8 21. a3 e5 22. Nc2 Be4 23. Ne1 Rxc3 24. bxc3 Rc8 25. Kd2 h5 26. f3 Bc6
27. Rh3 Kg6 28. Rg3+ Kh6 29. e4 Rd8+ 30. Ke3 Bb5 31. f4 Rd1 32. Ng2 Ra1 33.
fxe5 Rxa3 34. Kf4 Bc6 35. Nh4 Bxe4 36. Nf5+ Bxf5 37. Kxf5 Ra2 38. h3 a5 39. Rg8
Rf2+ 40. Ke4 Rh2 41. Rb8 Rxh3 42. Rxb7 Kg6 43. Rb6+ Kg7 44. Rb7 Rh1 45. Kf5
Rf1+ 46. Kg5 Re1 47. Kxh5 Rxe5+ 48. Kg4 Rc5 49. Rb3 Kf6 50. Kf4 Ke6 51. Ke4 f5+
52. Kd4 Rd5+ 53. Kc4 f4 54. Rb8 Rf5 55. Rb6+ Kd7 56. Rb2 f3 57. Rf2 Kc6 58. Kd4
Kb5 59. c4+ Kb4 60. c5 Rxc5 61. Rxf3 Rc4+ 62. Kd5 a4 63. Rf8 Rh4 64. Rb8+ Kc3
65. Ra8 Kb3 66. Rb8+ Rb4 67. Rg8 a3 68. Kc5 Rc4+ 69. Kb5 Rc2 70. Rg3+ Rc3 71.
Rg4 a2 72. Rb4+ Ka3 73. Ra4+ Kb2 74. Kb4 Rh3 75. Ra3 Rh4+ 76. Ka5 Kxa3 77. Kb5
0-1

[Event "DC International 2014"]
[Site "Arlington, VA"]
[Date "2014.06.30"]
[Round "9"]
[White "Wettasinha, Vasanta"]
[Black "Wang, Lidong"]
[Result "0-1"]
[WhiteElo "1763"]
[BlackElo "2148"]
[PlyCount "106"]
[EventDate "2014.06.??"]
[EventType "swiss"]
[EventRounds "9"]
[EventCountry "USA"]

1. e4 e6 2. d3 d5 3. Nd2 Nf6 4. g3 c5 5. Bg2 Nc6 6. Ngf3 Be7 7. O-O O-O 8. Re1
Qc7 9. c3 dxe4 10. dxe4 b5 11. Qc2 Bb7 12. h3 Rad8 13. Nf1 c4 14. Bf4 e5 15.
Bg5 Nd7 16. Bxe7 Nxe7 17. b4 Nb6 18. Rad1 f6 19. Rd2 Rxd2 20. N3xd2 Rd8 21. Ne3
Rd6 22. Rd1 Qd7 23. Kh2 Bc6 24. Bf3 Qd8 25. Be2 g6 26. Kg2 Kg7 27. Kh2 h5 28.
Nb1 Rxd1 29. Nxd1 Nbc8 30. f3 Nb6 31. Qc1 Qd6 32. Qe3 Bb7 33. Nd2 a6 34. h4 Nd7
35. Kg1 Nf8 36. Kf2 Ne6 37. Ke1 Nc6 38. Qb6 Qc7 39. Qxc7+ Nxc7 40. Ne3 Ne7 41.
f4 exf4 42. gxf4 Ne6 43. f5 Nf4 44. Bf1 gxf5 45. exf5 Bc8 46. Kf2 Nxf5 47.
Nxf5+ Bxf5 48. Ke3 Ng6 49. Nf3 Bc8 50. Be2 Bg4 51. a4 bxa4 52. Bxc4 Bxf3 53.
Kxf3 Ne5+ 0-1

[Event "DC International 2014"]
[Site "Arlington, VA"]
[Date "2014.06.30"]
[Round "9"]
[White "Ivanov, Mike"]
[Black "Malhotra, Akshay"]
[Result "1-0"]
[WhiteElo "2137"]
[BlackElo "2001"]
[PlyCount "77"]
[EventDate "2014.06.??"]
[EventType "swiss"]
[EventRounds "9"]
[EventCountry "USA"]

1. e4 c5 2. Nf3 d6 3. d4 cxd4 4. Qxd4 Nc6 5. Bb5 Bd7 6. Bxc6 Bxc6 7. Nc3 Nf6 8.
Bg5 e6 9. Qd3 Be7 10. Nd4 Qa5 11. Bd2 Qb6 12. O-O-O d5 13. exd5 Nxd5 14. Nxc6
bxc6 15. Nxd5 cxd5 16. Bc3 O-O 17. Qg3 f6 18. Rhe1 Bc5 19. Qg4 Kf7 20. Qh5+ Kg8
21. Qg4 Kf7 22. Rd3 Rab8 23. b3 Ba3+ 24. Kb1 Rbc8 25. Rg3 g6 26. Qf4 Kg8 27.
Qa4 Bc5 28. Qd7 Rc6 29. Rh3 h5 30. Rg3 Qc7 31. Rxg6+ Kh8 32. Rh6+ Kg8 33. Rg6+
Kh8 34. Bxf6+ Rxf6 35. Qxc7 Rxc7 36. Rxf6 e5 37. Rxe5 Bd4 38. Re8+ Kg7 39. Rf5
1-0

[Event "DC International 2014"]
[Site "Arlington, VA"]
[Date "2014.06.30"]
[Round "9"]
[White "Norovsambuu, Badamkhand"]
[Black "Nieto, Guillermo"]
[Result "1/2-1/2"]
[WhiteElo "1986"]
[BlackElo "1982"]
[PlyCount "66"]
[EventDate "2014.06.??"]
[EventType "swiss"]
[EventRounds "9"]
[EventCountry "USA"]

1. d4 Nf6 2. c4 e6 3. Nc3 Bb4 4. Qc2 O-O 5. Nf3 c5 6. dxc5 Na6 7. g3 Nxc5 8.
Bg2 Nce4 9. O-O Nxc3 10. bxc3 Be7 11. e4 d6 12. c5 d5 13. exd5 Qxd5 14. c4 Qxc5
15. Be3 Qc7 16. Nd4 Bd7 17. Rab1 Rab8 18. Nb5 Bxb5 19. Rxb5 b6 20. a4 Rbc8 21.
Rc1 Nd7 22. a5 Bc5 23. axb6 axb6 24. Bd2 Qd6 25. Bc3 Rc7 26. Rd1 Qe7 27. Qb2 f6
28. Be4 f5 29. Bg2 f4 30. Bd4 fxg3 31. hxg3 Bxd4 32. Qxd4 Rfc8 33. Bf1 Qf6
1/2-1/2

[Event "DC International 2014"]
[Site "Arlington, VA"]
[Date "2014.06.30"]
[Round "9"]
[White "Bayar, Anu"]
[Black "Senft, Sean"]
[Result "1/2-1/2"]
[WhiteElo "2003"]
[BlackElo "1912"]
[PlyCount "83"]
[EventDate "2014.06.??"]
[EventType "swiss"]
[EventRounds "9"]
[EventCountry "USA"]

1. d4 d5 2. c4 c6 3. cxd5 cxd5 4. Bf4 e6 5. Nc3 Nf6 6. Nf3 Nc6 7. e3 Bd6 8. Bg3
O-O 9. Rc1 Bxg3 10. hxg3 Bd7 11. Bd3 h6 12. O-O Rc8 13. a3 Na5 14. Ne5 Nc4 15.
Bxc4 dxc4 16. Na4 b5 17. Nc5 Bc6 18. f3 Nd5 19. e4 Ne3 20. Qd2 Nxf1 21. Rxf1
Qd6 22. Rd1 f6 23. Ng6 Rfd8 24. Nf4 Bd7 25. Nb7 Qb6 26. Nxd8 Rxd8 27. Kh2 Be8
28. Ne2 a5 29. Rc1 Bf7 30. g4 Qc7+ 31. g3 h5 32. gxh5 Bxh5 33. Kg2 Rb8 34. b3
Rc8 35. bxc4 bxc4 36. Nf4 Bf7 37. Nd3 c3 38. Qc2 Qc4 39. Nc5 Qxd4 40. Qxc3 Qd8
41. Qd3 Qe7 42. Qb5 1/2-1/2